000 01208nam a2200289 a 4500
001 000008348
003 DO-SdBNP
005 20230303150057.0
007 ta
008 090916e1996 dr ad gr 001 edspa d
040 _aDO-SdBNP
_bspa
_cBNPHU
082 4 _a306.3097293
_bM981c
_222
100 1 _aMurray, Gerald F.
_922540
245 1 3 _aEl colmado :
_buna exploración antropológica del negocio de comidas y bebidas en la República Dominicana /
_cGerald F. Murray ; edición y diagramación, Jeannette Canals.
260 _aSanto Domingo :
_bFONDOMICRO,
_c1996
300 _a379 p. :
_bil., graf. ;
_c23 cm.
500 _aIncluye referencias bibliográficas y notas al pie de páginas.
504 _aBibliografía : p. 371-379
590 _aInventariado, 2018/MFF
650 4 _aComércio de abarrotes
_zRepública Dominicana
_922541
650 4 _aAbastecimietos de alimentos
_zRepública Dominicana
_922542
650 4 _aComercio e indústria alimentaria
_zRepública Dominicana
_922543
700 1 2 _aCanals, Jeannette,
_eed. y diagr.
_910203
710 2 _aFondo para el Financiamiento de la Microempresa (República Dominicana)
_99642
910 _aValidado. Control de calidad. MFF
942 _2ddc
_cLBS1
999 _c8119
_d8119